La Comisión legislativa de la mujer y los gobiernos locales /

Uloženo v:
Podrobná bibliografie
Hlavní autor: Aguiluz Barboza, Virginia Consuelo
Médium: Text
Témata:
Tagy: Přidat tag
Žádné tagy, Buďte první, kdo vytvoří štítek k tomuto záznamu!

MARC

LEADER 00000 a a2200000 04500
001 17192
003
040
100 |a Aguiluz Barboza, Virginia Consuelo  
245 |a La Comisión legislativa de la mujer y los gobiernos locales /  |c Virginia Consuelo Aguiluz Barboza 
650 |a DERECHOS DE LA MUJER  
650 |a LEGISLACION  
650 |a PARTICIPACION COMUNITARIA  
773 |g volumen 9, número 2; páginas 99-106  
999 |c 32986  |d 32986